Estética en odontología restauradora (Registro nro. 7034)
[ vista simple ]
| 000 -Cabecera | |
|---|---|
| Campo de control de longitud fija | 00902aam a2200337 4500 |
| 005 - Fecha y hora de la última transacción | |
| Campo de control | 20250924162045.0 |
| 008 - Elementos de longitud fija--Información general | |
| Campo de control de longitud fija | 150730b2006 xxu||||| |||| 00| 0 spa d |
| 020 ## - International Standard Book Number | |
| Número Internacional Estándar del Libro (ISBN) | 9788461104673 |
| 041 ## - Idioma | |
| Código de idioma | Español |
| 082 ## - Clasificación Decimal Dewey | |
| Número de clasificación | 617.69 E79e |
| 245 ## - Título propiamente dicho | |
| Título | Estética en odontología restauradora |
| 260 ## - Pie de imprenta | |
| Lugar de publicación, distribución, etc. | España |
| 260 ## - Pie de imprenta | |
| Nombre del editor, distribuidor, etc. | Ripano |
| 260 ## - Pie de imprenta | |
| Fecha de publicación, distribución, etc. | 2006 |
| 300 ## - Descripción física | |
| Extensión | 413 páginas |
| 300 ## - Descripción física | |
| Otras características físicas | Fotografías a color |
| 490 ## - Serie | |
| Título de la Serie | Mecánica Dental |
| 650 ## - Materia general | |
| Temática (materia general) | RESTAURACIÓN DENTAL |
| 650 ## - Materia general | |
| Temática (materia general) | ESTÉTICA DENTAL |
| 650 ## - Materia general | |
| Temática (materia general) | ODONTOLOGÍA RESTAURADORA |
| 650 ## - Materia general | |
| Temática (materia general) | CIRUGÍA DENTAL |
| 650 ## - Materia general | |
| Temática (materia general) | ESTÉTICA FACIAL |
| 650 ## - Materia general | |
| Temática (materia general) | CIRUGÍA PLÁSTICA PERIODENTAL |
| 650 ## - Materia general | |
| Temática (materia general) | MATERIALES DENTALES |
| 650 ## - Materia general | |
| Temática (materia general) | BLANQUEAMIENTO DENTAL |
| 650 ## - Materia general | |
| Temática (materia general) | RESTAURACIONES CERÁMICAS |
| 650 ## - Materia general | |
| Temática (materia general) | COMPOSITES |
| 650 ## - Materia general | |
| Temática (materia general) | RESINAS COMPUESTAS |
| 650 ## - Materia general | |
| Temática (materia general) | IONÓMEROS DE VIDRIO |
| 942 ## - Punto de acceso adicional KOHA | |
| Tipo de ítem KOHA | Libro |
| Fuente del sistema de clasificación o colocación | Dewey Decimal Classification |
| Signatura completa | Código de barras | Programa Académico | Tipo de ítem |
|---|---|---|---|
| 617.69 E79e | 12238 | Mecánica Dental | Libro |